Design of Image processing embedded systems using Multidimensional data flow (Record no. 22994)
[ view plain ]
| 000 -LEADER | |
|---|---|
| fixed length control field | 00412nam a2200157Ia 4500 |
| 082 ## - DEWEY DECIMAL CLASSIFICATION NUMBER | |
| Classification number | 3.3 |
| Item number | KEI |
| 100 ## - MAIN ENTRY--PERSONAL NAME | |
| Personal name | Keinert/Joachim/ Teich/Jurgen |
| 245 ## - TITLE STATEMENT | |
| Title | Design of Image processing embedded systems using Multidimensional data flow |
| 260 ## - PUBLICATION, DISTRIBUTION, ETC. | |
| Name of publisher, distributor, etc. | Springer |
| Date of publication, distribution, etc. | 2011 |
| 366 ## - TRADE AVAILABILITY INFORMATION | |
| Publishers's discount category | 20 |
| 300 ## - PHYSICAL DESCRIPTION | |
| Extent | 311 |
| 546 ## - LANGUAGE NOTE | |
| Language note | ENGLISH |
| -- | PAMPHALETS |
| 650 ## - SUBJECT ADDED ENTRY--TOPICAL TERM | |
| Topical term or geographic name entry element | image processing |
| 654 ## - SUBJECT ADDED ENTRY--FACETED TOPICAL TERMS | |
| Focus term | image processing |
| 942 ## - ADDED ENTRY ELEMENTS (KOHA) | |
| Koha item type | Reference Book |
| Withdrawn status | Lost status | Damaged status | Not for loan | Collection | Home library | Current library | Date acquired | Source of acquisition | Cost, normal purchase price | Total Checkouts | Full call number | Barcode | Date last seen | Cost, replacement price | Price effective from | Koha item type |
|---|---|---|---|---|---|---|---|---|---|---|---|---|---|---|---|---|
| CRC | Fr. Agnel's C.Rodrigues College of Engineering | Fr. Agnel's C.Rodrigues College of Engineering | 17/03/2023 | ANE BOOKS | 5939.41 | 3.3 KEI | 22623 | 17/03/2023 | 7424.26 | Reference Book |